000 00372nam a2200133 4500
005 20260530113847.0
100 1 _aPablo Tedeschi
_930856
245 1 0 _aGenesis de las Formas y el Diseño Industrial
264 1 _bEditorial Universitaria de BsAs
_c1962
300 _a47 páginas
336 _atexto
_2rdacontent
337 _asin medio
_2rdamedia
338 _avolumen
_2rdacarrier
999 _c11336
_d11336